The relation of certain meteorological factors to the infection of eastern white pine by the blister-rust fungus, (Record no. 10221)

MARC details
000 -LEADER
fixed length control field 01233cam a22002891 4500
001 - CONTROL NUMBER
control field agr43000012
003 - CONTROL NUMBER IDENTIFIER
control field DLC
005 - DATE AND TIME OF LATEST TRANSACTION
control field 20260227111001.0
008 - FIXED-LENGTH DATA ELEMENTS--GENERAL INFORMATION
fixed length control field 800319s1942 nyua b s000 0 eng
010 ## - LIBRARY OF CONGRESS CONTROL NUMBER
LC control number agr43000012
035 ## - SYSTEM CONTROL NUMBER
System control number (OCoLC)6107138
040 ## - CATALOGING SOURCE
Original cataloging agency DLC
Transcribing agency TxCM
Modifying agency DLC
042 ## - AUTHENTICATION CODE
Authentication code premarc
050 00 - LIBRARY OF CONGRESS CALL NUMBER
Classification number SB608.P65
Item number H5
100 1# - MAIN ENTRY--PERSONAL NAME
Personal name Hirt, Ray Roland,
Dates associated with a name 1893-
245 14 - TITLE STATEMENT
Title The relation of certain meteorological factors to the infection of eastern white pine by the blister-rust fungus,
Statement of responsibility, etc. by Ray Roland Hirt.
260 ## - PUBLICATION, DISTRIBUTION, ETC.
Place of publication, distribution, etc. Syracuse, N.Y.,
Name of publisher, distributor, etc. New York State College of Forestry,
Date of publication, distribution, etc. 1942.
300 ## - PHYSICAL DESCRIPTION
Extent 65 p.
Other physical details illus.
490 1# - SERIES STATEMENT
Series statement New York State College of Forestry at Syracuse University. Technical publication
Volume/sequential designation no. 59
490 0# - SERIES STATEMENT
Series statement Bulletin, v. 15, no. 1-a
500 ## - GENERAL NOTE
General note Running title: Spordia of Cronartium ribicola.
500 ## - GENERAL NOTE
General note Issued by the Department of Forest botany and pathology, New York State College of Forestry, in cooperation with the United States Dept. of Agriculture.
504 ## - BIBLIOGRAPHY, ETC. NOTE
Bibliography, etc. note "Literature cited." p. 65.
650 #0 - SUBJECT ADDED ENTRY--TOPICAL TERM
Topical term or geographic name entry element Meteorology, Agricultural.
650 #0 - SUBJECT ADDED ENTRY--TOPICAL TERM
Topical term or geographic name entry element Cronartium ribicola.
810 2# - SERIES ADDED ENTRY--CORPORATE NAME
Corporate name or jurisdiction name as entry element State University College of Forestry at Syracuse University.
Title of a work Technical publication ;
Volume/sequential designation no. 59.

No items available.

Powered by Koha